| 000 | 01455nam0a2200301 4500 | ||
|---|---|---|---|
| 001 | RU\NLR\BIBL_A\011892284 | ||
| 005 | 20260405141205.0 | ||
| 010 |
_a978-5-74-51-0056-7 _9500 |
||
| 035 | _a(NLR Aleph) 011892284 | ||
| 090 |
_a10837289 _c10837289 |
||
| 100 | _a20181214d2008 |||y0rusy50 ca | ||
| 101 | 0 | _arus | |
| 102 | _aRU | ||
| 105 | _aa|||z|||000ay | ||
| 200 | 1 |
_aЛитераторное кафе _e[коллективный сборник стихотворений _fхудожник: Г.М. Вульфсон] |
|
| 210 |
_aСанкт-Петербург _cАураИнфо _d2008 |
||
| 215 |
_a111, [1] с. _cил. _d21 |
||
| 316 |
_aС автогр. Анатолия Ушакова _5NLR |
||
| 327 | 1 | _aСодерж.: авт.: Гершом Вульфсон, Михоэль Кантор, Александр Мордехай Аврум Штейн, Арье-Лэйб Наумовский, Самуил Апот, Элеонора Сапожникова, Михаил Вершовский, Аркадий Ратнер, Анатолий Ушаков | |
| 686 | 2 | _aШ6(2=Р)8-5 | |
| 702 | 1 |
_aВульфсон _bГ.М _4040 |
|
| 702 | 1 |
_4390 _8rus _7ca _aУшаков _bА. _cлитератор _gАнатолий _3RU\NLR\AUTH\7757302 _940234 |
|
| 942 | _cBOOK | ||
| 980 | _aNB | ||